000 00337nam a2200133 a 4500
005 20140414093838.0
008 110322s19uu xx uuu eng d
050 _aCT
_bBES
245 _aThe best of disco swing medley.
260 _aPhilippines :
_bMegamedia Corporation.
650 _aDance
_xSwing
942 _cAVM
999 _c109139
_d109139